000 00579cam a2200193 4500
001 2205046
005 20250317170102.0
008 740605s1974 ilu b 000 0 eng
020 _a0819905402
050 0 0 _aBV4509.5
_b.O34
082 0 0 _a248
100 1 _aO'Flaherty, Vincent M.
245 1 0 _a"Who ... me?"
_bA study in identification by seeking the will of God,
_cby V. M. O'Flaherty.
260 _aChicago,
_bFranciscan Herald Press
_c[1974]
300 _a107 p.
_c21 cm.
650 0 _aIdentification (Religion)
650 0 _aGod (Christianity)
_xWill.
942 _2lcc
_cBK
_n0
999 _c4897
_d4897